Control systems: (Record no. 11767)

MARC details
000 -LEADER
fixed length control field 00655 a2200193 4500
010 ## - LIBRARY OF CONGRESS CONTROL NUMBER
LC control number ENG-89994
020 ## - INTERNATIONAL STANDARD BOOK NUMBER
International Standard Book Number 8175155779
Terms of availability 200.00
035 ## - SYSTEM CONTROL NUMBER
System control number EN-73527
037 ## - SOURCE OF ACQUISITION
Source of stock number/acquisition DBAD / PUB
082 14 - DEWEY DECIMAL CLASSIFICATION NUMBER
Classification number 629.8
090 ## - LOCALLY ASSIGNED LC-TYPE CALL NUMBER (OCLC); LOCAL CALL NUMBER (OCLC)
-- 12121
-- 12121
100 ## - MAIN ENTRY--PERSONAL NAME
Personal name Yaduvir Singh
245 ## - TITLE STATEMENT
Title Control systems:
Remainder of title theory, problems and solutions /
Statement of responsibility, etc Yaduvir Singh and Amit Agrawal
260 ## - PUBLICATION, DISTRIBUTION, ETC. (IMPRINT)
Place of publication, distribution, etc New Delhi
Name of publisher, distributor, etc Galgotia Publications
Date of publication, distribution, etc 2008
270 ## - ADDRESS
Address 5, Ansari Road, Darya Ganj
City New Delhi
Postal code 110 002
300 ## - PHYSICAL DESCRIPTION
Extent 274p.
Dimensions 28 cm. (Pbk)
942 ## - ADDED ENTRY ELEMENTS (KOHA)
Institution code [OBSOLETE] dpl
Koha item type English Books
Call number prefix 629.8 / YAD
Holdings
Withdrawn status Lost status Source of classification or shelving scheme Damaged status Not for loan Collection code Home library Current library Source of acquisition Cost, normal purchase price Total Checkouts Full call number Barcode Date last seen Copy number Uniform Resource Identifier Cost, replacement price Price effective from Koha item type
    Dewey Decimal Classification   Not For Loan Non-fiction D.B.Act.Division D.B.Act.Division DBAD/PUB 200.00   629.8 YAD EN-73527 15/09/2008 1 12882 200.00 15/09/2008 English Books

© Delhi Public Library
Hit Counter
free hit counter